Culture Générale - Série 142 - Statistiques

Statistiques générales
  • Ce quiz a été pris 299 fois
  • Le résultat moyen est 3 sur 10
Statistiques - réponses
Question Réponse % Correct
Dans quelle ville trouve-t-on le célèbre stade Azteca ? Mexico
74%
Combien de pions sont à la disposition de chaque joueur de backgammon ? 15
57%
Dans quelle ville du Vaucluse ont lieu chaque année les célèbres Chorégies ? Orange
43%
Dans l'armée de l'air, quel grade est juste au-dessus de "1re classe" ? Caporal
38%
A quel groupe doit-on la chanson "Jump" en 1983 ? Van Halen
38%
Selon Louis XVIII, qu'est-ce qui est "la politesse des rois" ? L'exactitude
30%
Quel héros de BD est le voisin de monsieur Lefuneste ? Achille Talon
26%
Quel célèbre aviateur disparut en 1936 à bord de l'hydravion "Croix-du-Sud" ? Jean Mermoz
15%
Qui prête sa voix à Tony Curtis dans la série "Amicalement vôtre" ? Michel Roux
6%
Quels frères se cachaient derrière le duo des clowns Récho et Frigo ? Les frères Jolivet
3%
Aucun quiz correspondant
Distribution des résultats
% des personnes avec chaque résultat
Percentile par nombre de réponses
Votre historique - résultats
Vous n’avez pas pris ce quiz